| 000 | 00000nas 2200000za 4500 |
| 001 | 9.846783 |
| 003 | CaOODSP |
| 005 | 20221107153303 |
| 007 | cr ||||||||||| |
| 008 | 171107d19801982oncmr p oss f0###a0eng|d |
| 022 | |y0227-177X|y0318-7950 |
| 040 | |aCaOODSP|beng |
| 041 | |aeng|afre |
| 043 | |an-cn--- |
| 086 | 1 |aCS36-003-PDF |
| 245 | 00|aParticleboard and waferboard |h[electronic resource] = |bPanneaux agglomérés et panneaux gaufrés. |
| 246 | 11|aPanneaux agglomérés et panneaux gaufrés |
| 260 | |a[Ottawa] : |bStatistics Canada = Statistique Canada, |c1980-1982. |
| 310 | |aMonthly |
| 362 | 0 |aVol. 16, no. 1 (Jan. 1980)-v. 18, no. 3 (Mar. 1982). |
| 500 | |aDigitized edition from print [produced by Statistics Canada]. |
| 520 | |aShows the production, stocks and shipments (domestic by region/province of destination and exports) from mills producing particleboard, waferboard and/or fibreboard. The December issue includes a list of reporting firms. |
| 546 | |aText in English and French. |
| 550 | |aIssued Jan. 1980-Mar. 1982 by Manufacturing and Primary Industries Division. |
| 692 | 07|2gccst|aManufacturing industry |
| 710 | 1 |aCanada. |bStatistics Canada. |bManufacturing and Primary Industries Division. |
| 780 | 00|tParticle board |w(CaOODSP)9.846779 |
| 785 | 00|tParticleboard, waferboard and hardboard |w(CaOODSP)9.846802 |
| 792 | |tParticleboard and waferboard |efre|w(CaOODSP)9.846785 |